Lifetime physical fitness and wellness : (Record no. 52618)

MARC details
000 -LEADER
fixed length control field 00645nam a2200229Ia 4500
005 - DATE AND TIME OF LATEST TRANSACTION
control field 20260429112142.0
008 - FIXED-LENGTH DATA ELEMENTS--GENERAL INFORMATION
fixed length control field 260429s9999||||xx |||||||||||||| ||und||
020 ## - INTERNATIONAL STANDARD BOOK NUMBER
International Standard Book Number 9781337392686
041 ## - LANGUAGE CODE
Language English
082 ## - DEWEY DECIMAL CLASSIFICATION NUMBER
Classification number 613
Item number HOE
100 ## - MAIN ENTRY--PERSONAL NAME
Personal name Hoeger, Werner W. K.
245 #0 - TITLE STATEMENT
Title Lifetime physical fitness and wellness :
Remainder of title a personalized program /
Statement of responsibility, etc Werner W. K. Hoeger
250 ## - EDITION STATEMENT
Edition statement 15th ed.
260 ## - PUBLICATION, DISTRIBUTION, ETC. (IMPRINT)
Place of publication, distribution, etc Australia :
Name of publisher, distributor, etc Cengage,
Date of publication, distribution, etc 2019.
300 ## - PHYSICAL DESCRIPTION
Extent xvi, 586 p.; pbk
650 ## - SUBJECT ADDED ENTRY--TOPICAL TERM
Topical term or geographic name as entry element Wellness
650 ## - SUBJECT ADDED ENTRY--TOPICAL TERM
Topical term or geographic name as entry element Physical fitness
700 ## - ADDED ENTRY--PERSONAL NAME
Personal name Fawson, Amber L.
700 ## - ADDED ENTRY--PERSONAL NAME
Personal name Hoegar, Cherie I.
700 ## - ADDED ENTRY--PERSONAL NAME
Personal name Hoeger, Sharon A.
942 ## - ADDED ENTRY ELEMENTS (KOHA)
Koha item type Text Books
Holdings
Withdrawn status Lost status Damaged status Not for loan Collection code Home library Location Shelving location Date of Cataloging Source of acquisition Total Checkouts Full call number Barcode Date last seen Price effective from Koha item type
        Non-fiction CUTN Central Library CUTN Central Library Medicine, Technology & Management 29/04/2026 TBH Library Book Suppliers, Chennai - Invoice No. SINV00733 on 09-02-2026   613 HOE 57721 29/04/2026 29/04/2026 Text Books